Business essentials (10th edition) (Record no. 79004)
[ view plain ]
| 000 -LEADER | |
|---|---|
| fixed length control field | 01219nam a2200229 a 4500 |
| 008 - FIXED-LENGTH DATA ELEMENTS--GENERAL INFORMATION | |
| fixed length control field | 190517s2015 ||||||||||||||||| || u |
| 020 ## - INTERNATIONAL STANDARD BOOK NUMBER | |
| International Standard Book Number | 9781292016900 |
| 050 ## - LIBRARY OF CONGRESS CALL NUMBER | |
| Classification number | HD 70.U5 Ebe |
| 100 ## - MAIN ENTRY--PERSONAL NAME | |
| Personal name | Griffin, Ricky W |
| 245 10 - TITLE STATEMENT | |
| Title | Business essentials (10th edition) |
| Statement of responsibility, etc. | By Ronald J. Ebert and Ricky W. Griffin |
| 250 ## - EDITION STATEMENT | |
| Edition statement | 10th edition |
| 260 ## - PUBLICATION, DISTRIBUTION, ETC. | |
| Place of publication, distribution, etc. | England |
| Name of publisher, distributor, etc. | Pearson |
| Date of publication, distribution, etc. | 2015 |
| 300 ## - PHYSICAL DESCRIPTION | |
| Extent | 700 pages, : illustrations |
| 350 ## - | |
| -- | 46.98 |
| 650 #0 - SUBJECT ADDED ENTRY--TOPICAL TERM | |
| Topical term or geographic name entry element | INDUSTRIAL MANAGEMENT |
| 650 #7 - SUBJECT ADDED ENTRY--TOPICAL TERM | |
| Topical term or geographic name entry element | BUSINESS ENTERPRISES |
| Source of heading or term | fast |
| 700 ## - ADDED ENTRY--PERSONAL NAME | |
| Personal name | Ebert, Ronald J |
| 995 ## - | |
| -- | ANNEX COLLECTION (Main Library) |
| -- | 46.98 |
| -- | 749005 |
| -- | CBU-MAIN LIBRARY (Kitwe) |
| -- | 46.98 |
| -- | HD 70.U5 Ebe |
| -- | 1 |
| -- | AVAILABLE |
| -- | May 21, 2019 |
| -- | 749005 |
| -- | Annex Low-Usage Collection |
| 995 ## - | |
| -- | MAIN LIBRARY OPEN ACCESS |
| -- | 749006 |
| -- | CBU-MAIN LIBRARY (Kitwe) |
| -- | 46.98 |
| -- | HD 70.U5 Ebe |
| -- | 2 |
| -- | AVAILABLE |
| -- | May 21, 2019 |
| -- | 749006 |
| -- | Main Library Open Access Collection |
| 995 ## - | |
| -- | ANNEX COLLECTION (Main Library) |
| -- | 749008 |
| -- | CBU-MAIN LIBRARY (Kitwe) |
| -- | 46.98 |
| -- | HD 70.U5 Ebe |
| -- | 4 |
| -- | AVAILABLE |
| -- | May 21, 2019 |
| -- | 749008 |
| -- | Annex Low-Usage Collection |
| 995 ## - | |
| -- | MAIN LIBRARY OPEN ACCESS |
| -- | 749007 |
| -- | CBU-MAIN LIBRARY (Kitwe) |
| -- | 46.98 |
| -- | HD 70.U5 Ebe |
| -- | 3 |
| -- | AVAILABLE |
| -- | May 21, 2019 |
| -- | 749007 |
| -- | Main Library Open Access Collection |
| 999 ## - | |
| -- | 79004 |
| -- | 79004 |
No items available.